Представление документа в формате MARC21

Поле Инд. ПП Название Значение
Тип записи a
Библиографический уровень m
001 Контрольный номер ef7fe009bbbd456d8910b713c678959d
005 Дата корректировки 20171205101219.2
040 a Служба первич. каталог. НБ ТвГУ
080 a Индекс УДК 811.111(043.3)
084 a Индекс другой классификации/Индекс ББК Ш143.21-51я031
090 a Полочн. индекс Ш143.21
x Авторский знак К 21
100 1_ a Автор Карамнов Антон Сергеевич
q Полное имя Карамнов А. С.
245 10 a Заглавие Методика экспертной оценки языка учебных пособий на основе корпусного подхода
b Продолж. заглавия автореф. дис. ... к.п.н. : 13.00.02 - теория и методика обучения и воспитания (иностранные языки)
c Ответственность науч. рук. д.п.н., проф. О. Г. Поляков ; [место защиты: Тамб. гос. ун-т им. Г. Р. Державина]
260 c Дата издания 2015
a Место издания Тамбов
b Издательство б. и.
300 a Объем 26 с.
b Иллюстрации/ тип воспроизводства ил., табл.
500 a Примечание На правах рукоп.
504 a Библиография Библиогр. в конце книги (14 назв.)
653 0_ a Ключевые слова Методика обучения и воспитания
a Ключевые слова Теория и методика обучения
a Ключевые слова Учебные пособия
a Ключевые слова Корпусная лингвистика
a Ключевые слова Экспертная оценка языка
a Ключевые слова Иностранные языки
a Ключевые слова Диссертации
a Ключевые слова Кандидатские диссертации
a Ключевые слова Авторефераты
700 12 a Другие авторы Поляков Олег Геннадиевич
c Титул (звание) д.п.н., проф.
e Роль лиц науч. рук.
700 12 a Другие авторы Гураль Светлана Константиновна
c Титул (звание) д.п.н., проф.
e Роль лиц оппонент
700 12 a Другие авторы Якушев Максим Валерьевич
c Титул (звание) к.п.н., доц.
e Роль лиц оппонент
710 12 a Организация/ юрисдикция Тамбовский государственный университет им. Г. Р. Державина
b Другие уровни место выполнения работы
710 12 a Организация/ юрисдикция Нижегородский государственный лингвистический университет им. Н. А. Добролюбова
b Другие уровни ведущая организация
710 12 a Организация/ юрисдикция Тамбовский государственный университет им. Г. Р. Державина
b Другие уровни место защиты
901 t Тип документа d
920 a Оператор Семен
a Оператор Раен
a Оператор Густ
a Оператор Стро
a Оператор Васил
930 a Новая/Ретро новая
952 c Вид литературы А/Р н
954 b Дата поступления в ОК 20151014
c Дата окончания ОНО 20170503
a Дата поступления на обработку 20170830